|
|
|
|
| LEADER |
01068nam a22002537a 4500 |
| 001 |
28014 |
| 003 |
BD-DhAAL |
| 005 |
20151118020002.0 |
| 008 |
140505s2010 naua||| |||| 00| 0 eng d |
| 020 |
|
|
|a 9781859646557
|
| 040 |
|
|
|a BD-DhAAL
|c BD-DhAAL
|
| 082 |
0 |
4 |
|2 22
|a 808/.066378
|
| 245 |
|
|
|a 50 steps to improving your academic writing :
|b study book /
|c Chris Sowton
|
| 246 |
|
|
|a Fifty steps to improving your academic writing
|
| 260 |
|
|
|a Reading :
|b Garnet Pub.,
|c 2012.
|
| 300 |
|
|
|a 272 p. :
|b ill. ;
|c 26 cm.
|
| 520 |
|
|
|a An academic writing course for students preparing for English-medium higher education study.
|
| 541 |
|
|
|e 28014
|
| 650 |
|
|
|a Academic writing
|x Study and teaching
|z Great Britain
|9 4364
|
| 650 |
|
|
|a Academic writing
|v Handbooks, manuals, etc.
|9 3003
|
| 852 |
|
|
|a Ayesha Abed Library
|b general Shelf
|
| 942 |
|
|
|2 ddc
|c BK
|0 1
|
| 999 |
|
|
|c 14312
|d 14312
|
| 952 |
|
|
|0 0
|1 0
|2 ddc
|4 0
|6 808_066378000000000_FIF
|7 0
|9 24270
|a BRACUL
|b BRACUL
|c GEN
|d 2014-05-05
|e BRAC Institute of Language
|l 17
|m 174
|o 808.066378 FIF
|p 3010028014
|r 2025-04-10
|s 2025-03-08
|t 1
|w 2014-05-05
|y BK
|